01250pab a2200181 454500008004000000100002900040245003900069260000900108300001500117362001200132520071800144650002500862773004400887908000600931909001000937999001700947952010400964180718b2009 xxu||||| |||| 00| 0 eng d aMukhopadhyay, Asok Kumar aThe RTI act: A critical assessment c2009 ap.434-454. aJul-Sep aIt is time to move from a culture of secrecy to a culture of transparency and also to promote awareness about the Right to Information Act, particularly among the masses with cooperation of one and also. Meaningful participation of people in major issues impacting their lives is now a key component of the democratic governance and such participation can hardly be effective unless people have information about the way government business is transacted. Nurturing the desire to develop democratic regime is the need of the hour. The RTI movement in India is an ongoing process and to be successful it needs to ally with strategic partners in politics, government, media and people's organisations. - Reproduced. aRight to information aIndian Journal of Public Administration aN a84932 c84932d84932 00104070aIIPAbIIPAd2018-07-19hVolume no: 55, Issue no: 3pAR85392r2018-07-19w2018-07-19yAR